| 000 | 01084nam a22003137i 4500 | ||
|---|---|---|---|
| 003 | EG-GICUC | ||
| 005 | 20260121101527.0 | ||
| 008 | 251220s1930 fr ||||fr|||| 00| 0 fre d | ||
| 040 |
_aEG-GiCUC _bfre _cEG-GiCUC _dEG-GiCUC _eRda |
||
| 041 | _afre | ||
| 082 | 0 | 4 |
_221 _a341.84 _bCA . C |
| 092 | 0 | 4 | _221 |
| 099 | _aLaw1 12 341.84 CA . C 1930 | ||
| 100 | 1 |
_aCarabiber, Charles, _eAuteur |
|
| 245 | 1 | 0 |
_aConflits De Lois Et Condition Des Étrangers en Droit International Privé / _cCh. Carabiber; préface. de M. N. Politis. |
| 264 | 1 |
_aParis : _bRecueil Sirey, _c1930. |
|
| 300 |
_aviii, 247 pages ; _c24 cm. |
||
| 336 |
_2rda contenu _a texte |
||
| 337 |
_2rda medias _aOrdinateur |
||
| 338 |
_2 transporteur rda _a Ressource en ligne |
||
| 504 | _aInclude Bibliography And Bibliographic references | ||
| 546 | _aTexte en français | ||
| 650 | 1 | 4 |
_aConflit de lois _xDroit international privé _2qrmak |
| 651 | 1 | _2qrmak | |
| 700 | 1 |
_aPolitis, M. N. _ePréfacier |
|
| 856 | 4 | 0 | _uhttps://fll.law.cu.edu.eg/fulltext/bks/B12-01675.pdf |
| 905 | _a75 | ||
| 942 |
_2ddc _cBK _e21 _n0 |
||
| 999 |
_c51838 _d51838 |
||